000 00967nam a2200289Ia 4500
003 GCL
005 20240530101913.0
008 140319s9999 xx 000 0 ara d
040 _aGCL /
_cGCL
082 0 4 _a962.034
_bق/ح خ
100 1 _aحسين كفافى
245 1 0 _aالخديو اسماعيل ومعشوقته مصر /
_cحسين كفافى
260 _a[S.N] :
_bالهيئة المصرية العامة للكتاب ،
_c1994
300 _a207 ص
650 0 4 _aالعصر الحديث
650 0 4 _aمصر
650 0 4 _aتاريخ
650 0 4 _aالاحوال الاجتماعية
650 0 4 _aالتعليم
650 0 4 _aالاحوال السياسية
650 0 4 _aالسودان
650 0 4 _aالحياة الثقافية
650 0 4 _aالاقتصاد المصرى
650 0 4 _aتجارة الرقيق
650 0 4 _aمصر - تاريخ - العصر الحديث - عصر اسماعيل ( 1863-1879 م )
942 _2ddc
_cBK
999 _c28592
_d28592